Revue du Droit de l'Union Europěnne

Bibliographic Details
Format: Journal
Language:French
Published: Paris : Editions Clm̌ent Juglar, 2011-
Subjects:
Online Access:http://www.vlex.com/source/7247

MARC

LEADER 00000nas a22000007a 4500
005 20130322115357.0
007 cr|||| ||||
008 130322c20119999fr qr|p s|||| 0|||b1fre d
022 |a 1624365X  
035 |a 7247 
040 |a vLex 
090 |c 3993  |d 3993 
245 0 0 |a Revue du Droit de l'Union Europěnne  |h [Recurso electrn̤ico] 
256 |a Servicio en ln̕ea 
260 |a Paris :  |b Editions Clm̌ent Juglar,   |c 2011- 
300 |a 1 Recurso electrn̤ico 
506 |d vLex Global  |d vLex Global (Academic Edition, excluding Law Schools)  |d vLex Global (U.S. Academic Edition, Law Schools)  |d vLex Global (U.S. Academic Edition, excluding Law Schools)  |d vLex Global (Academic Edition, Law Schools) 
650 0 4 |a Derecho comunitario  |v Revistas 
740 |a vLex Revistas (Servicio en ln̕ea) 
856 |a Acceso restringido  |u http://www.vlex.com/source/7247 
942 |c REV 
999 0 |a European Union